| Tag |
First Indicator |
Second Indicator |
Subfields |
| LEADER |
00000pam a2200000 i 4500 |
| 001 |
in00000048543 |
| 005 |
20190207093418.0 |
| 008 |
790628s1979 txu b 00010deng |
| 010 |
|
|
|a 79007406
|
| 020 |
|
|
|a 089096081X :
|c $6.50
|
| 035 |
|
|
|a (OCoLC)05171849
|
| 035 |
|
|
|9 AAE9861AM
|
| 040 |
|
|
|a DLC
|c DLC
|d TXA
|d UtOrBLW
|
| 043 |
|
|
|a n-us-tx
|
| 049 |
|
|
|a TXAM
|c 1 [1190181]
|a TXAS
|c 2 [txas], 3 [pres]
|
| 050 |
0 |
0 |
|a F391
|b .S698
|
| 082 |
0 |
|
|a 976.4
|
| 100 |
1 |
|
|a Sonnichsen, C. L.
|q (Charles Leland),
|d 1901-1991.
|
| 245 |
1 |
4 |
|a The grave of John Wesley Hardin :
|b three essays on grassroots history /
|c by C. L. Sonnichsen.
|
| 250 |
|
|
|a 1st ed.
|
| 264 |
|
1 |
|a College Station :
|b Texas A&M University Press,
|c [1979]
|
| 264 |
|
4 |
|c ©1979
|
| 300 |
|
|
|a 90 pages ;
|c 23 cm.
|
| 336 |
|
|
|a text
|b txt
|2 rdacontent
|
| 337 |
|
|
|a unmediated
|b n
|2 rdamedia
|
| 338 |
|
|
|a volume
|b nc
|2 rdacarrier
|
| 490 |
1 |
|
|a Essays on the American West ;
|v no. 5
|
| 500 |
|
|
|a The Cushing Library/Chapman Texas Collection copy is part of the Floyd & Louise Chapman Texas & Borderlands Collection.
|5 TXA
|
| 504 |
|
|
|a Includes bibliographical references.
|
| 600 |
1 |
0 |
|a Hardin, John Wesley,
|d 1853-1895.
|
| 600 |
1 |
0 |
|a Sonnichsen, C. L.
|q (Charles Leland),
|d 1901-1991.
|
| 650 |
|
0 |
|a Frontier and pioneer life
|z Texas.
|
| 650 |
|
0 |
|a Vendetta
|z Texas
|x History.
|
| 650 |
|
0 |
|a Folklore
|z Texas.
|
| 651 |
|
0 |
|a Texas
|x History
|y 1846-1950.
|
| 830 |
|
0 |
|a Essays on the American West ;
|v no. 5.
|
| 999 |
|
|
|a MARS
|
| 999 |
f |
f |
|s 6928713a-2089-3061-8cd6-0b9fb087e897
|i 9e29baf8-b2d3-3edd-a763-2390e17fcf2b
|t 0
|
| 952 |
f |
f |
|p ric
|a Texas A&M University
|b Rellis Campus
|c Joint Library Facility
|d Remote Storage
|t 0
|e F391 .S698
|h Library of Congress classification
|i unmediated -- volume
|m A14823672564
|
| 952 |
f |
f |
|p noncirc
|a Texas A&M University
|b College Station
|c Cushing Memorial Library & Archives
|d Cushing: Texas A&M Press (Does not check out)
|t 0
|e F391 .S698
|h Library of Congress classification
|i unmediated -- volume
|
| 952 |
f |
f |
|p noncirc
|a Texas A&M University
|b College Station
|c Cushing Memorial Library & Archives
|d Cushing: Chapman Texas Collection (Does not check out)
|t 0
|e F391 .S698
|h Library of Congress classification
|i unmediated -- volume
|m A14800329118
|
| 998 |
f |
f |
|a F391 .S698
|t 0
|l Cushing: Chapman Texas Collection (Does not check out)
|
| 998 |
f |
f |
|a F391 .S698
|t 0
|l Remote Storage
|
| 998 |
f |
f |
|a F391 .S698
|t 0
|l Cushing: Texas A&M Press (Does not check out)
|